• 首页
  • 本馆介绍
  • 公告通知
  • 最新文献
  • 馆藏检索
  • 电子资源
  • 读者导购
  • 参考咨询
  • 我的图书馆
  • 登录
  • 详细信息显示
  • 放入我的书架
  • 预约/预借图书
  • 作者相关作品
  • 分类相关作品
  • 丛书相关作品
  • 出版社相关作品

书目信息

  • 表格格式
  • 工作单格式
  • 卡片格式
题名:
涂料与颜料
    
 
作者: 徐艳萍 , 杜薇薇 主编
分册:  
出版信息: 北京   科学技术文献出版社  2001.6
页数: 194页
开本: 20cm
丛书名: 现代化工产品配方丛书
单 册:
中图分类: TQ610.1
科图分类:
主题词: 颜料--配方 , 涂料--配方 , 染料--中间体--化学工业
电子资源:
ISBN: 7-5023-3683-4
000 00731nam0 2200253 45
001 0302171685
005 20031219104103.7
010    @a7-5023-3683-4@dCNY11.00
100    @a20030217d2001 km y0chiy0120 ea
101 0  @achi
105    @a z 000yy
200 1  @a涂料与颜料@ATu Liao Yu Yan Liao@f徐艳萍,杜薇薇主编@FXu Yan Ping,Du Wei Wei Zhu Bian
210    @a北京@c科学技术文献出版社@d2001.6
215    @a194页@d20cm
225    @a现代化工产品配方丛书
410    @12001 @a现代化工产品配方丛书
606 0  @a颜料@x配方
606 0  @a涂料@x配方
606 0  @a染料@x中间体@x化学工业
690    @aTQ610.1@v4
701  0 @a徐艳萍@4主编
701  0 @a杜薇薇@4主编
801    @aCN@bTSTC@c20030217
905    @b319701@dTQ610.1@e12@f1
    
    涂料与颜料/徐艳萍,杜薇薇主编.-北京:科学技术文献出版社,2001.6
    194页;20cm.-(现代化工产品配方丛书)
    
    
    ISBN 7-5023-3683-4:CNY11.00
    
●
相关链接 在E读中查询图书 在五车中查询图书 在当当中查询图书 在豆瓣中查询图书


正题名:涂料与颜料     索取号:TQ610.1/12         预约/预借

序号 登录号 条形码 馆藏地/架位号 状态 备注
1 0319701   203197012   第二样本阅览室/ [索取号:TQ610.1/12] 在馆    
唐山师范学院图书馆 欢迎您!
大连网信软件有限公司© 版权所有